01001cam a22002411 4500001001300000003000400013005001700017008004100034010001700075035001900092040002300111042001200134050001700146082001400163100004500177245007800222260004700300300002400347500029600371504003000667610004500697999001700742med46000172 DLC20260227111556.0770809s1946 enk b 000 0 eng  amed46000172  a(OCoLC)3175003 aDLCcOCdWU-MdDLC apremarc00aR773.C32bL3 a610.711421 aLangdon-Brown, W.q(Walter),d1870-1946.00aSome chapters in Cambridge medical history,cby Sir Walter Langdon-Brown. aCambridge [Eng.]bUniversity press,c1946. avii, 119 p.c19 cm. a"Largely composed of a series of papers delivered before the History of medicine section of the Royal society of medicine. They have all been revised... all appeared in the Proceedings of the Royal society of medicine, with the exception of Chapter II, which was published in Nature."--Pref. a"References": p. 118-119.10aCambridge.bUniversity.bMedical school. c37879d37879